zpět

Detail výsledku týmu

D9vítka, Šumperk

Datum a čas kvízu

26.5 Celkem bodů Celkový počet nahraných bodů na tomto kvízu bez doplňovacích otázek.
7. Pořadí na kvízu Konečné umístění týmu na tomto kvízu.

Zaznamenané odpovědi

# Otázka Odpověď Body Výsledky
1. Od pondělí do čtvrtka brázdila... Formule 1 1
2. V českých médiích se minulý tý... kozy (a kozly) 0
3. Který známý americký influence... Jake Paul 0
4. V pondělí prohlásila polská sp... CZC.cz 1
5. 21letá Andrea Klementová z Tře... přeplavala kanál La Manche 0
6. Ve kterém americkém filmu z ro... Ladíme! (Pitch Perfect) 0
7. Francouzská hudební komedie s... Piti Piti Pa 0
8. V hudební animované pohádce Tr... Justin Timberlake 1
9. Horečka sobotní noci se pojí s... Bee Gees 1
10. Který hudební film s Karlem Go... Hvězda padá vzhůru 1